logo

Bir Sreshtho Munshi Abdur Rouf Library
Jhenaidah Cadet College

Hydro-Politics of The Farakka Barrage / (Record no. 5388)

MARC details
000 -LEADER
fixed length control field 00623nam a2200229 a 4500
001 - CONTROL NUMBER
JCCL Control Number 5388
003 - CONTROL NUMBER IDENTIFIER
JCCL marc code BD-JhCC
005 - DATE AND TIME OF LATEST TRANSACTION
control field 20171213184643.0
008 - FIXED-LENGTH DATA ELEMENTS--GENERAL INFORMATION
fixed length control field 171213s2003 bg |||| || | 000 0 eng d
035 ## - SYSTEM CONTROL NUMBER
system control number (BD-JhCC)5388
040 ## - CATALOGING SOURCE
Original cataloging agency BD-JhCC
Modifying agency BD-JhCC
041 ## - LANGUAGE CODE
Language code of Book eng
082 ## - DEWEY DECIMAL CLASSIFICATION NUMBER
Classification number 333.91
Author mark and Year MIA 2003
100 ## - MAIN ENTRY--PERSONAL NAME
Personal name Miah, M. Maniruzzaman
245 ## - TITLE STATEMENT
Title Hydro-Politics of The Farakka Barrage /
Statement of responsibility, etc M. Maniruzzaman Miah,
260 ## - PUBLICATION, DISTRIBUTION, ETC. (IMPRINT)
Place of publication, distribution, etc Dhaka :
Name of publisher, distributor, etc Gatidhara Publishers
Date of publication, distribution, etc 2003.
300 ## - PHYSICAL DESCRIPTION
Pagination 101 p. :
Dimensions 21 cm.
650 ## - SUBJECT ADDED ENTRY--TOPICAL TERM
Topical term or geographic name as entry element Water
General subdivision Government Politics
650 ## - SUBJECT ADDED ENTRY--TOPICAL TERM
Topical term or geographic name as entry element Water Right
Geographic subdivision Bangladesh
942 ## - ADDED ENTRY ELEMENTS (KOHA)
Source of classification or shelving scheme Dewey Decimal Classification
Koha item type Books
Holdings
Source of classification or shelving scheme Damaged status Not for loan Home library Current library Shelving location Date of accession Cost, normal purchase price Total Checkouts Full call number Barcode Date last seen Copy number Koha item type
Dewey Decimal Classification     JCC Rouf Library JCC Rouf Library General Stacks 12/13/2017 100.00   333.91 MIA 2003 7495 12/13/2017 C-1 Books

JCC Library | Contacts | JCC Home

Last Update on 23 September 2017
Copyright @ 2017-2020 JCC Rouf Library
Rouf Library, Jhenidah Cadet College (JCC), Bangladesh